Premier League Top 4 Except Man City and Liverpool Last 10 Season - Statistics

General Stats
  • This quiz has been taken 106 times
  • The average score is 43 of 44
Answer Stats
Season Rank Club Point % Correct
13-14 1(3) Chelsea 82
100%
14-15 1 Chelsea 87
100%
16-17 1 Chelsea 93
100%
3(5) Chelsea 70
100%
18-19 1(3) Chelsea 72
100%
2(4) Chelsea 66
100%
2(4) Chelsea 67
100%
21-22 1(3) Chelsea 74
100%
4(6) Chelsea 63
100%
3(4) Manchester United 70
100%
4(5) Manchester United 66
100%
4(6) Manchester United 69
100%
17-18 1(2) Manchester United 81
100%
4(6) Manchester United 66
100%
19-20 1(3) Manchester United 66
100%
20-21 1(2) Manchester United 74
100%
4(6) Manchester United 58
100%
2(3) Manchester United 75
100%
2(4) Arsenal 79
99%
2(3) Arsenal 75
99%
2 Arsenal 71
99%
3(5) Arsenal 75
99%
4(6) Arsenal 63
99%
3(5) Arsenal 70
99%
3(5) Arsenal 69
99%
22-23 1(2) Arsenal 84
99%
23-24 1(2) Arsenal 89
99%
4(6) Tottenham Hotspur 69
99%
4(5) Tottenham Hotspur 64
99%
3 Tottenham Hotspur 70
99%
2 Tottenham Hotspur 86
99%
2(3) Tottenham Hotspur 77
99%
2(4) Tottenham Hotspur 71
99%
4(6) Tottenham Hotspur 59
99%
2(4) Tottenham Hotspur 71
99%
3(5) Tottenham Hotspur 66
99%
2(4) Aston Villa 68
97%
15-16 1 Leicester City 81
97%
3(5) Leicester City 62
97%
3(5) Leicester City 66
97%
3(4) Newcastle United 71
92%
4(6) Westham United 65
84%
4(6) Brighton & Hove Albion 62
78%
3(5) Everton 72
74%
No matching quizzes found
Score Distribution
Percent of People with Each Score
Percentile by Number Answered
Your Score History
You have not taken this quiz